| 000 | 00000nam##2200000za#4500 |
| 001 | 9.638486 |
| 003 | CaOODSP |
| 005 | 20210624221715 |
| 007 | cr ||||||||||| |
| 008 | 150407|2002||||xxc|||||o f|0| 0 fre|d |
| 040 | |aCaOODSP|bfre |
| 043 | |an-cn--- |
| 086 | 1 |aNH15-446/2002F-PDF |
| 110 | 2 |aSociété canadienne d'hypothèques et de logement. |
| 245 | 10|aConsultation sur les programmes de rénovation : |h[ressource électronique]|brapport sommaire |
| 260 | |bSociété canadienne d'hypothèques et de logement |c2002. |
| 300 | |a43p. |
| 590 | |a11-05-Supp|b2011-03-15 |
| 775 | 08|tConsultation on housing renovation programs : |w(CaOODSP)9.693784 |
| 856 | 40|ahttp://publications.gc.ca|qPDF|s122 Ko|uhttps://publications.gc.ca/collections/collection_2011/schl-cmhc/NH15-446-2002-fra.pdf |